[Event "90th GER-ch 2019"]
[Site "Magdeburg"]
[Date "2019.05.27"]
[Round "2.3"]
[White "Krastev, Alexander"]
[Black "Kollars, Dmitrij"]
[Result "0-1"]
[WhiteElo "2344"]
[BlackElo "2561"]
[Annotator "RC"]
[PlyCount "74"]
[EventDate "2019.05.26"]
[EventType "tourn"]
[EventCountry "GER"]
[SourceTitle "playchess.com"]
[Source "ChessBase"]
[SourceQuality "1"]
[TimeControl "40/5400+30:1800+30"]

1. g3 {[%emt 0:00:00]} d5 {[%emt 0:00:38]} 2. Nf3 {[%emt 0:00:00]} Bg4 {[%emt 0:00:18]} 3. Bg2 {[%emt 0:00:05]} Nd7 {[%emt 0:00:14]} 4. d3 {[%emt 0:00:31]} Ngf6 {[%emt 0:01:02]} 5. O-O {[%emt 0:00:19]} e5 {[%emt 0:01:14]} 6. Qe1 {[%emt 0:06:54]} Bd6 {[%emt 0:00:26]} 7. e4 {[%emt 0:00:21]} O-O {[%emt 0:00:20]} 8. Nc3 {[%emt 0:03:20]} c6 {[%emt 0:05:09]} 9. h3 {[%emt 0:00:32]} Bxf3 {[%emt 0:06:50]} 10. Bxf3 {[%emt 0:00:16]} dxe4 {[%emt 0:00:39]} 11. dxe4 {[%emt 0:02:13]} Nc5 {[%emt 0:01:46]} 12. Be3 {[%emt 0:02:12]} Ne6 {[%emt 0:01:51]} 13. Rd1 {[%emt 0:05:26]} Qe7 {[%emt 0:00:24]} 14. Nb1 {[%emt 0:07:25]} Bc5 {[%emt 0:03:37]} 15. c3 {[%emt 0:00:48]} Rfd8 {[%emt 0:03:53]} 16. Bc1 {[%emt 0:05:42]} a5 {[%emt 0:06:55]} 17. Qe2 {[%emt 0:04:15]} a4 {[%emt 0:04:02]} 18. Bg2 {[%emt 0:03:01]} b5 {[%emt 0:06:09]} 19. Nd2 {[%emt 0:10:38]} Bb6 {[%emt 0:07:02]} 20. Nf3 {[%emt 0:04:50]} Nc5 {[%emt 0:00:37]} 21. Nh4 {[%emt 0:00:52]} Qe6 {[%emt 0:02:49]} 22. Nf5 {[%emt 0:08:35]} g6 {[%emt 0:05:59]} 23. Nh6+ {[%emt 0:00:46]} Kg7 {[%emt 0:00:21]} 24. Bg5 {[%emt 0:01:30]} Rxd1 {[%emt 0:05:39]} 25. Rxd1 {[%emt 0:00:57]} Rd8 {[%emt 0:01:44]} 26. Rxd8 {[%emt 0:05:22]} Bxd8 {[%emt 0:00:03]} 27. Ng4 {[%emt 0:00:20]} h5 {[%emt 0:06:29]} 28. Nxf6 {[%emt 0:00:40]} Bxf6 {[%emt 0:00:05]} 29. Be3 {[%emt 0:00:23]} Nb7 {[%emt 0:02:25]} 30. a3 {[%emt 0:04:28]} Be7 {[%emt 0:00:47]} 31. Qc2 {[%emt 0:12:04]} h4 {[%emt 0:06:53]} 32. g4 {[%emt 0:07:07]} Qa2 {[%emt 0:02:54]} 33. Qc1 {[%emt 0:02:20]} Na5 {[%emt 0:03:14]} 34. Bf1 {[%emt 0:02:15]} Nb3 {[%emt 0:00:06]} 35. Qc2 {[%emt 0:00:32]} Bxa3 {[%emt 0:00:45]} 36. Bg5 {[%emt 0:00:29]} Qxb2 {[%emt 0:01:15]} 37. Qd3 {[%emt 0:00:30]} Bc5 0-1

[Event "90th GER-ch 2019"]
[Site "Magdeburg"]
[Date "2019.05.27"]
[Round "2.4"]
[White "Svane, Frederik"]
[Black "Engel, Luis"]
[Result "0-1"]
[WhiteElo "2342"]
[BlackElo "2512"]
[Annotator "ChessBase"]
[PlyCount "58"]
[EventDate "2019.05.26"]
[EventType "tourn"]
[EventCountry "GER"]
[SourceTitle "playchess.com"]
[Source "ChessBase"]
[SourceQuality "1"]
[TimeControl "40/5400+30:1800+30"]

1. e4 {[%emt 0:00:00]} c5 {[%emt 0:00:00]} 2. Nf3 {[%emt 0:00:00]} d6 {[%emt 0:00:00]} 3. Bb5+ {[%emt 0:00:01]} Nd7 {[%emt 0:00:58]} 4. O-O {[%emt 0:00:20]} a6 {[%emt 0:00:02]} 5. Bd3 {[%emt 0:00:12]} Ngf6 {[%emt 0:00:06]} 6. Re1 {[%emt 0:00:35]} e6 {[%emt 0:01:18]} 7. c3 {[%emt 0:00:20]} b5 {[%emt 0:00:28]} 8. a4 {[%emt 0:01:08]} c4 {[%emt 0:00:55]} 9. Bf1 {[%emt 0:00:16]} Bb7 {[%emt 0:00:43]} 10. axb5 {[%emt 0:00:09]} axb5 {[%emt 0:00:05]} 11. Rxa8 {[%emt 0:00:07]} Bxa8 {[%emt 0:13:59]} 12. d3 {[%emt 0:01:08]} Be7 {[%emt 0:05:25]} 13. Na3 {[%emt 0:00:44]} O-O {[%emt 0:06:10]} 14. b4 {[%emt 0:08:08]} Qb8 {[%emt 0:09:20]} 15. dxc4 {[%emt 0:01:52]} bxc4 {[%emt 0:00:39]} 16. Nd2 {[%emt 0:04:12]} d5 {[%emt 0:01:33]} 17. exd5 {[%emt 0:01:25]} Nxd5 {[%emt 0:02:39]} 18. Qc2 {[%emt 0:25:26]} Bf6 {[%emt 0:08:53]} 19. Bb2 {[%emt 0:05:45]} Ne5 {[%emt 0:03:55]} 20. Naxc4 {[%emt 0:18:36]} Rc8 {[%emt 0:01:51]} 21. h3 {[%emt 0:14:38]} Nf4 {[%emt 0:04:49]} 22. Ne3 {[%emt 0:13:49]} Rd8 {[%emt 0:01:36]} 23. Be2 {[%emt 0:01:49]} Qb7 {[%emt 0:04:44]} 24. Nf3 {[%emt 0:00:07]} Nxg2 {[%emt 0:01:14]} 25. Nxg2 {[%emt 0:01:09]} Nxf3+ {[%emt 0:00:07]} 26. Bxf3 {[%emt 0:00:28]} Qxf3 {[%emt 0:00:06]} 27. Kf1 {[%emt 0:00:08]} Qxg2+ {[%emt 0:00:09]} 28. Ke2 {[%emt 0:00:04]} Bf3+ {[%emt 0:00:09]} 29. Ke3 {[%emt 0:00:04]} Bg5# {Kd4} 0-1

[Event "90th GER-ch 2019"]
[Site "Magdeburg"]
[Date "2019.05.27"]
[Round "2.5"]
[White "Krassowizkij, Jaroslaw"]
[Black "Trifan, Andrei Ioan"]
[Result "1-0"]
[WhiteElo "2450"]
[BlackElo "2268"]
[Annotator "RC"]
[PlyCount "83"]
[EventDate "2019.05.26"]
[EventType "tourn"]
[EventCountry "GER"]
[SourceTitle "playchess.com"]
[Source "ChessBase"]
[SourceQuality "1"]
[TimeControl "40/5400+30:1800+30"]

1. d4 {[%emt 0:00:00]} Nf6 {[%emt 0:00:20]} 2. c4 {[%emt 0:00:00]} g6 {[%emt 0:00:31]} 3. g3 {[%emt 0:00:00]} Bg7 {[%emt 0:01:15]} 4. Bg2 {[%emt 0:00:33]} O-O {[%emt 0:00:50]} 5. Nc3 {[%emt 0:00:14]} d6 {[%emt 0:02:09]} 6. Nf3 {[%emt 0:00:16]} Nbd7 {[%emt 0:01:08]} 7. O-O {[%emt 0:01:14]} e5 {[%emt 0:01:55]} 8. e4 {[%emt 0:00:27]} c6 {[%emt 0:00:45]} 9. h3 {[%emt 0:00:21]} Qb6 {[%emt 0:04:06]} 10. Re1 {[%emt 0:01:09]} exd4 {[%emt 0:02:00]} 11. Nxd4 {[%emt 0:00:07]} Ng4 {[%emt 0:00:16]} 12. Nce2 {[%emt 0:14:13]} Nge5 {[%emt 0:01:40]} 13. b3 {[%emt 0:00:13]} Nc5 {[%emt 0:01:38]} 14. Be3 {[%emt 0:01:41]} a5 {[%emt 0:01:26]} 15. Rb1 {[%emt 0:08:19]} Re8 {[%emt 0:03:37]} 16. Nc2 {[%emt 0:09:08]} Qc7 {[%emt 0:10:23]} 17. Ned4 {[%emt 0:01:37]} Ned7 {[%emt 0:08:03]} 18. f3 {[%emt 0:04:33]} Nf6 {[%emt 0:04:12]} 19. Bf2 {[%emt 0:02:42]} Bd7 {[%emt 0:04:30]} 20. Qd2 {[%emt 0:02:13]} Rad8 {[%emt 0:05:53]} 21. a3 {[%emt 0:03:41]} Bc8 {[%emt 0:10:31]} 22. b4 {[%emt 0:04:32]} axb4 {[%emt 0:04:04]} 23. axb4 {[%emt 0:00:21]} Ncd7 {[%emt 0:00:51]} 24. Ne3 {[%emt 0:12:10]} Ne5 {[%emt 0:07:55]} 25. f4 {[%emt 0:07:19]} Qe7 {[%emt 0:07:51]} 26. fxe5 {[%emt 0:03:27]} dxe5 {[%emt 0:00:18]} 27. Nd5 {[%emt 0:00:04]} cxd5 {[%emt 0:02:00]} 28. exd5 {[%emt 0:00:04]} Qc7 {[%emt 0:01:31]} 29. c5 {[%emt 0:07:36]} exd4 {[%emt 0:02:11]} 30. d6 {[%emt 0:00:04]} Qd7 {[%emt 0:01:02]} 31. Bxd4 {[%emt 0:00:08]} b6 {[%emt 0:06:35]} 32. Bxf6 {[%emt 0:04:49]} Bxf6 {[%emt 0:00:03]} 33. c6 {[%emt 0:01:55]} Rxe1+ {[%emt 0:01:28]} 34. Rxe1 {[%emt 0:00:05]} Qa7 {[%emt 0:01:17]} 35. Qf4 {[%emt 0:05:12]} b5+ {[%emt 0:00:59]} 36. Kh2 {[%emt 0:00:30]} Qd4 {[%emt 0:01:44]} 37. Qxd4 {[%emt 0:00:05]} Bxd4 {[%emt 0:00:02]} 38. c7 {[%emt 0:00:06]} Rf8 {[%emt 0:01:04]} 39. Bc6 {[%emt 0:00:37]} Bc3 {[%emt 0:00:04]} 40. Re2 {[%emt 0:02:26]} Kg7 {[%emt 0:01:12]} 41. d7 {[%emt 0:30:32]} Bf6 {[%emt 0:30:18]} 42. Re8 {[%emt 0:00:32]} 1-0

[Event "90th GER-ch 2019"]
[Site "Magdeburg"]
[Date "2019.05.27"]
[Round "2.6"]
[White "Polster, Christian"]
[Black "Lubbe, Nikolas"]
[Result "1-0"]
[WhiteElo "2236"]
[BlackElo "2431"]
[Annotator "TA"]
[PlyCount "85"]
[EventDate "2019.05.26"]
[EventType "tourn"]
[EventCountry "GER"]
[SourceTitle "playchess.com"]
[Source "ChessBase"]
[SourceQuality "1"]

{[%evp 19,85,12,16,11,12,6,13,-16,0,-15,0,0,40,20,33,0,11,12,11,6,28,0,0,0,0,-79,-45,-52,-54,-30,0,0,5,11,22,13,47,6,19,18,212,208,280,270,372,270,326,296,353,329,352,333,380,381,370,285,315,302,395,391,514,384,347,0,560,520,456,375]} 1. d4 Nf6 2. c4 e6 3. Nf3 d5 4. Nc3 c6 5. cxd5 exd5 6. Qc2 Nbd7 7. Bg5 Be7 8. e3 Nh5 9. Bxe7 Qxe7 10. O-O-O Nb6 11. Ne5 {D36: Queen's Gambit Declined: Exchange Variation: Main line (5 Bg5 c6 6 Qc2)} (11. Bd3 Bg4 12. Rdg1 Bxf3 13. gxf3 g6 14. f4 O-O-O 15. h4 Kb8 16. Ne2 Rc8 17. Kb1 Nd7 18. Ng3 Nxg3 19. Rxg3 c5 20. Qc3 Nf6 21. Rd1 Ne4 22. Bxe4 Qxe4+ 23. Qd3 cxd4 24. Qxe4 dxe4 25. Rxd4 {½-½ (25) Wang,Y (2690)-Kuzubov,Y (2699) Riadh 2017}) 11... g6 12. Be2 Ng7 13. Bf3 $146 {The position is equal.} ({Predecessor:} 13. g4 Be6 14. Kb1 Nd7 15. e4 Nb6 16. Bf3 O-O 17. h4 f6 18. Nd3 dxe4 19. Nxe4 {0-1 (54) Demuth,A (2053)-Narciso Dublan,M (2476) Banyoles 2005}) 13... Be6 14. Rhe1 f6 15. Nd3 f5 16. Nc5 O-O 17. g3 Nc4 18. Be2 Nd6 19. Nd3 b5 {[%cal Bb7b5,Bb5b4,Bb4c3][%mdl 32]} 20. f3 Nc4 21. Bf1 $1 Bf7 22. e4 (22. Kb1 $11 {remains equal.}) 22... fxe4 23. fxe4 b4 24. exd5 Qg5+ 25. Nf4 {[#] aiming for Ne4.} bxc3 26. Bxc4 {White wants to play Kb1.} cxd5 {White must now prevent ...cxb2+.} 27. Re5 $36 {[%mdl 2048] White fights for an advantage.} Nf5 {And now ...cxb2+ would win.} 28. Bxd5 Bxd5 29. Rxd5 Qf6 $2 {[#]} (29... cxb2+ $11 30. Kb1 Qf6) 30. Qxc3 $18 Qb6 31. Rc5 Rab8 32. b3 Qb7 33. Kb2 Rf7 34. Rc1 Qe4 35. d5 Nd6 {Black hopes to continue with ...Nb5.} 36. Re1 Qf5 {If only Black now had time for ...Ne4....} 37. Qe5 Qd7 38. Qe6 Qd8 39. Rc6 Nb5 {and the idea ...Nd4 leaves Black hopeful.} 40. Qe5 Rf5 41. Qe6+ $2 (41. Qe7 $18) 41... Kh8 $2 {[%mdl 8192]} (41... Rf7 $1 $11) 42. Re4 Qf8 43. Qe7 {Accuracy: White = 42%, Black = 31%.} 1-0

[Event "90th GER-ch 2019"]
[Site "Magdeburg"]
[Date "2019.05.27"]
[Round "2.7"]
[White "Moeller, Dustin"]
[Black "Pfreundt, Jakob"]
[Result "0-1"]
[WhiteElo "2156"]
[BlackElo "2392"]
[Annotator "TA"]
[PlyCount "88"]
[EventDate "2019.05.26"]
[EventType "tourn"]
[EventCountry "GER"]
[SourceTitle "playchess.com"]
[Source "ChessBase"]
[SourceQuality "1"]

{[%evp 17,88,24,20,0,56,0,0,-32,-20,-25,-32,-137,-131,-136,-136,-130,-128,-122,-125,-125,-78,-80,-88,-104,-104,-131,-90,-95,-59,-75,-71,-76,-81,-75,-71,-72,-48,-61,-33,-35,-33,-31,-33,-47,-54,-31,-22,-27,-20,-129,-147,-122,-155,-137,-148,-133,-124,-156,-86,-152,-138,-100,0,-131,-141,-214,-190,-201,-163,-347,-336,-359,-360]} 1. d4 Nf6 2. c4 g6 3. Nc3 Bg7 4. e4 d6 5. Be2 O-O 6. Nf3 c5 7. d5 e6 8. dxe6 Bxe6 9. Bf4 Qb6 10. Qb3 {E91: King's Indian: Classical: 6 Be2, unusual replies including 6...c5 and 6...Bg4} Qc6 (10... Re8 $11) (10... Rd8 11. O-O Nc6 12. Rfd1 Ne8 13. Rd2 Qxb3 14. axb3 Bg4 15. Ne1 Bxe2 16. Nxe2 a6 17. Rad1 b5 {½-½ (41) Hernandez Carmenates,H (2544)-Almeida Quintana,O (2501) Santa Cruz de la Palma 2007}) 11. Nd5 $146 (11. Qc2 $14) ({Predecessor:} 11. Qc2 Nh5 12. Be3 Re8 13. O-O Bxc3 14. Qxc3 Qxe4 15. Bd3 Qc6 16. Ng5 Nd7 17. Be4 Qc7 {1-0 (27) Kovanova,B (2368)-Makarenko,A (2251) Satka 2017}) 11... Re8 $11 12. Nd2 {The position is equal.} Qd7 {Strongly threatening ...Nxe4!} 13. Nxf6+ Bxf6 14. e5 ({Better is} 14. Rd1 $15) 14... Bxe5 $17 15. Bxe5 dxe5 16. Ne4 {Black must now prevent Nf6+.} Qe7 17. Qe3 Nc6 18. Qxc5 f5 19. Qxe7 Rxe7 20. Nc3 Nd4 {aiming for ...Nc2+.} 21. Rc1 Rd8 22. b3 Red7 23. Bd1 Kf7 24. O-O Kf6 25. Re1 Nc6 26. Be2 Rd2 27. Red1 Rxd1+ (27... R8d4 {keeps more tension.} 28. Rxd2 Rxd2 29. Bf3 Na5 30. Be4 Kf7) 28. Rxd1 Rxd1+ 29. Bxd1 $15 {[%mdl 4096] Endgame KBN-KBN} g5 30. Kf1 e4 31. g4 Ke5 32. gxf5 Bxf5 33. Ke2 (33. Ke1 $11) 33... Bg4+ $1 $17 34. Ke3 Bxd1 35. Nxd1 {KN-KN} Nd4 36. Nc3 Nf5+ 37. Ke2 a6 (37... h5 $142 38. Kf1 a6) 38. Nd5 (38. Na4 $142) 38... Nd4+ 39. Ke3 Nf5+ 40. Ke2 $1 h5 41. h3 {[#]} (41. Kf1 $17 {might work better.}) 41... h4 $1 $19 42. Kf1 Nd4 43. Ne3 $2 (43. Nc7 {was forced.}) 43... Ne6 44. Ng4+ {[#]} Kd4 $1 {Accuracy: White = 45%, Black = 69%.} 0-1

[Event "90th GER-ch 2019"]
[Site "Magdeburg"]
[Date "2019.05.27"]
[Round "2.8"]
[White "Stern, Rene"]
[Black "Rosner, Jonas"]
[Result "0-1"]
[WhiteElo "2538"]
[BlackElo "2413"]
[Annotator "RC"]
[PlyCount "94"]
[EventDate "2019.05.26"]
[EventType "tourn"]
[EventCountry "GER"]
[SourceTitle "playchess.com"]
[Source "ChessBase"]
[SourceQuality "1"]
[TimeControl "40/5400+30:1800+30"]

1. d4 {[%emt 0:00:00]} d5 {[%emt 0:00:00]} 2. c4 {[%emt 0:00:00]} e6 {[%emt 0:00:00]} 3. Nc3 {[%emt 0:00:00]} Nf6 {[%emt 0:00:00]} 4. Bg5 {[%emt 0:00:00]} Be7 {[%emt 0:00:50]} 5. e3 {[%emt 0:00:12]} Nbd7 {[%emt 0:00:59]} 6. Nf3 {[%emt 0:00:07]} h6 {[%emt 0:00:38]} 7. Bh4 {[%emt 0:00:06]} O-O {[%emt 0:00:27]} 8. Rc1 {[%emt 0:00:05]} c5 {[%emt 0:00:46]} 9. dxc5 {[%emt 0:00:11]} dxc4 {[%emt 0:00:37]} 10. c6 {[%emt 0:00:07]} bxc6 {[%emt 0:00:11]} 11. Bxc4 {[%emt 0:00:07]} Nb6 {[%emt 0:00:28]} 12. Qxd8 {[%emt 0:00:08]} Rxd8 {[%emt 0:00:25]} 13. Be2 {[%emt 0:00:05]} Bb7 {[%emt 0:02:32]} 14. Ne5 {[%emt 0:21:06]} Nbd5 {[%emt 0:17:20]} 15. O-O {[%emt 0:09:10]} c5 {[%emt 0:09:05]} 16. Nxd5 {[%emt 0:13:07]} Bxd5 {[%emt 0:07:15]} 17. Bf3 {[%emt 0:00:52]} g5 {[%emt 0:09:55]} 18. Bxd5 {[%emt 0:03:46]} Rxd5 {[%emt 0:03:59]} 19. Bg3 {[%emt 0:01:08]} Ne4 {[%emt 0:01:39]} 20. Nc4 {[%emt 0:00:24]} Nd2 {[%emt 0:07:31]} 21. Nxd2 {[%emt 0:01:45]} Rxd2 {[%emt 0:00:03]} 22. Be5 {[%emt 0:00:08]} Rad8 {[%emt 0:00:57]} 23. Bc3 {[%emt 0:01:20]} R2d3 {[%emt 0:01:41]} 24. Rfe1 {[%emt 0:04:51]} f5 {[%emt 0:02:42]} 25. Kf1 {[%emt 0:01:29]} Kf7 {[%emt 0:01:00]} 26. e4 {[%emt 0:01:18]} f4 {[%emt 0:05:10]} 27. f3 {[%emt 0:17:07]} h5 {[%emt 0:02:47]} 28. e5 {[%emt 0:01:17]} Kg6 {[%emt 0:03:41]} 29. Re4 {[%emt 0:00:53]} Kf5 {[%emt 0:02:02]} 30. Ke2 {[%emt 0:02:31]} g4 {[%emt 0:07:50]} 31. Re1 {[%emt 0:06:59]} Bh4 {[%emt 0:03:37]} 32. Rf1 {[%emt 0:01:37]} gxf3+ {[%emt 0:01:45]} 33. gxf3 {[%emt 0:00:05]} c4 {[%emt 0:00:33]} 34. Bb4 {[%emt 0:09:28]} Rxf3 {[%emt 0:05:14]} 35. Rxf3 {[%emt 0:00:15]} Kxe4 {[%emt 0:00:02]} 36. Rc3 {[%emt 0:00:27]} Kxe5 {[%emt 0:01:26]} 37. Rxc4 {[%emt 0:02:40]} Kf5 {[%emt 0:00:27]} 38. Bc3 {[%emt 0:01:44]} e5 {[%emt 0:01:23]} 39. Rc7 {[%emt 0:00:23]} Ke4 {[%emt 0:01:08]} 40. Rc4+ {[%emt 0:00:19]} Kf5 {[%emt 0:00:31]} 41. Rc7 {[%emt 0:30:04]} Rg8 {[%emt 0:07:45]} 42. Rh7 {[%emt 0:00:00]} Rg2+ {[%emt 0:03:35]} 43. Kf1 {[%emt 0:00:00]} Rf2+ {[%emt 0:00:46]} 44. Kg1 {[%emt 0:00:00]} Rc2 {[%emt 0:00:58]} 45. h3 {[%emt 0:00:00]} Bg3 {[%emt 0:05:31]} 46. Rxh5+ {[%emt 0:00:00]} Ke4 {[%emt 0:00:17]} 47. Rxe5+ {[%emt 0:00:00]} Kf3 {[%emt 0:00:06]} 0-1

[Event "90th GER-ch 2019"]
[Site "Magdeburg"]
[Date "2019.05.27"]
[Round "2.9"]
[White "Heimrath, Reiner"]
[Black "Becker, Marcel"]
[Result "0-1"]
[WhiteElo "2239"]
[BlackElo "2308"]
[Annotator "NA"]
[PlyCount "64"]
[EventDate "2019.05.26"]
[EventType "tourn"]
[EventCountry "GER"]
[SourceTitle "playchess.com"]
[Source "ChessBase"]
[SourceQuality "1"]
[TimeControl "40/5400+30:1800+30"]

1. e4 {[%emt 0:00:00]} c6 {[%emt 0:00:00]} 2. d3 {[%emt 0:00:00]} d5 {[%emt 0:00:00]} 3. Nd2 {[%emt 0:00:00]} e5 {[%emt 0:00:22]} 4. Ngf3 {[%emt 0:00:01]} Bd6 {[%emt 0:00:13]} 5. Be2 {[%emt 0:00:39]} Nf6 {[%emt 0:00:22]} 6. O-O {[%emt 0:00:11]} O-O {[%emt 0:00:08]} 7. a4 {[%emt 0:00:52]} a5 {[%emt 0:01:09]} 8. c3 {[%emt 0:02:47]} Re8 {[%emt 0:00:45]} 9. Qc2 {[%emt 0:08:33]} Na6 {[%emt 0:00:55]} 10. Nb3 {[%emt 0:13:00]} h6 {[%emt 0:08:34]} 11. Bd2 {[%emt 0:05:32]} Be6 {[%emt 0:02:25]} 12. c4 {[%emt 0:29:52]} dxe4 {[%emt 0:01:48]} 13. dxe4 {[%emt 0:00:10]} b6 {[%emt 0:01:35]} 14. Rad1 {[%emt 0:01:28]} Qc7 {[%emt 0:02:50]} 15. Bc3 {[%emt 0:00:27]} Bg4 {[%emt 0:04:05]} 16. Nh4 {[%emt 0:09:55]} Bf8 {[%emt 0:13:08]} 17. Bxg4 {[%emt 0:01:11]} Nxg4 {[%emt 0:00:09]} 18. Qd3 {[%emt 0:04:54]} Nf6 {[%emt 0:03:21]} 19. Rde1 {[%emt 0:03:21]} Rad8 {[%emt 0:04:10]} 20. Qf3 {[%emt 0:00:44]} Qc8 {[%emt 0:02:20]} 21. Nf5 {[%emt 0:00:51]} Qe6 {[%emt 0:00:16]} 22. Qe2 {[%emt 0:05:37]} g6 {[%emt 0:00:57]} 23. Ng3 {[%emt 0:01:07]} Nc5 {[%emt 0:00:32]} 24. Nxc5 {[%emt 0:00:21]} Bxc5 {[%emt 0:00:13]} 25. Rd1 {[%emt 0:02:07]} h5 {[%emt 0:02:21]} 26. Rd3 {[%emt 0:03:31]} h4 {[%emt 0:01:45]} 27. Nh1 {[%emt 0:00:11]} Qxc4 {[%emt 0:00:52]} 28. Rfd1 {[%emt 0:01:20]} Rxd3 {[%emt 0:00:42]} 29. Rxd3 {[%emt 0:00:04]} Qxe4 {[%emt 0:00:25]} 30. Qd1 {[%emt 0:00:12]} Nd5 {[%emt 0:00:40]} 31. Kf1 {[%emt 0:03:59]} Nf4 {[%emt 0:01:10]} 32. Rf3 {[%emt 0:01:50]} Qc4+ {[%emt 0:00:15]} 0-1

[Event "90th GER-ch 2019"]
[Site "Magdeburg"]
[Date "2019.05.27"]
[Round "2.10"]
[White "Kvetny, Mark"]
[Black "Bastian, Herbert"]
[Result "1-0"]
[WhiteElo "2414"]
[BlackElo "2297"]
[Annotator "TA"]
[PlyCount "65"]
[EventDate "2019.05.26"]
[EventType "tourn"]
[EventCountry "GER"]
[SourceTitle "playchess.com"]
[Source "ChessBase"]
[SourceQuality "1"]

{[%evp 9,65,5,12,0,7,0,20,18,8,0,3,1,9,11,7,7,7,-9,8,6,12,21,24,20,77,63,60,78,108,96,105,81,161,151,143,149,197,198,354,345,384,385,384,361,429,356,547,545,618,618,831,826,879,855,858,855,927,816]} 1. c4 Nf6 2. Nc3 g6 3. g3 Bg7 4. Bg2 d6 5. d3 O-O 6. h3 {A16: English Opening: 1...Nf6 with ...d5} (6. e3 c5 7. Nge2 Nc6 8. O-O Bd7 9. h3 a6 10. b3 Rb8 11. Bb2 b5 12. Qd2 e6 13. Rad1 h5 {½-½ (13) Alekseev,E (2639)-Firouzja,A (2618) Bandar e Anzali 2019}) 6... Nc6 7. e4 Nd4 8. Nge2 {The position is equal.} c5 9. Be3 Ne8 10. Rb1 Rb8 11. O-O Nc7 12. b4 Bd7 13. f4 b6 {[#]} 14. Qd2 $146 ({Predecessor:} 14. Bf2 e5 15. Nxd4 cxd4 16. Ne2 f5 17. exf5 gxf5 18. Re1 {1-0 (40) Heberla,B (2535)-Gdanski,J (2533) Warsaw 2012}) 14... f5 15. Kh2 e6 16. bxc5 Nxe2 (16... bxc5 $11 {keeps the balance.} 17. Rxb8 Qxb8) 17. Nxe2 $16 dxc5 18. e5 Qe8 19. d4 cxd4 20. Nxd4 Na6 (20... Rf7 $16) 21. Nb5 $18 Bxb5 22. cxb5 ({Don't do} 22. Rxb5 Qc8 $14) 22... Rd8 23. Qc3 Rc8 $2 {[#]} (23... Nb8 24. Qb3 g5) 24. Qa3 $1 Nc7 25. Bc6 Qf7 {Now ...Nd5 and Black clings on.} 26. Qxa7 g5 27. Rf2 Kh8 (27... Nd5 {was worth a try.} 28. Bxb6 Nxb6 29. Qxb6 Rfd8) 28. Rd1 {White is clearly winning.} Qg6 29. Qxb6 Qh5 30. Rd7 Nd5 31. Bxd5 exd5 32. Qd4 gxf4 33. Bxf4 {Accuracy: White = 62%, Black = 25%.} 1-0

[Event "90th GER-ch 2019"]
[Site "Magdeburg"]
[Date "2019.05.27"]
[Round "2.11"]
[White "Roseneck, Jonas"]
[Black "Dauth, Benjamin"]
[Result "1-0"]
[WhiteElo "2403"]
[BlackElo "2295"]
[Annotator "TA"]
[PlyCount "57"]
[EventDate "2019.05.26"]
[EventType "tourn"]
[EventCountry "GER"]
[SourceTitle "playchess.com"]
[Source "ChessBase"]
[SourceQuality "1"]

{[%evp 11,57,24,24,0,0,0,0,0,0,0,0,-1,0,-7,20,23,23,25,81,83,122,41,175,6,316,185,181,88,376,159,112,-5,26,29,8,18,447,446,578,578,578,569,5730,5722,29996,29997,29998,29999]} 1. e4 c6 2. d4 d5 3. e5 Bf5 4. h4 h5 5. Bd3 Bxd3 6. Qxd3 e6 7. Bg5 {B12: Caro-Kann: Advance Variation} Qb6 8. Nd2 c5 9. c4 {The position is equal.} Qxb2 10. Rd1 Nc6 11. Ngf3 {Black should prevent cxd5.} Nb4 ({Much weaker is} 11... cxd4 12. cxd5 exd5 13. e6 $1 $16 {[%mdl 512]}) 12. Qe2 $1 Qxa2 $146 ({Predecessor:} 12... cxd4 13. O-O d3 14. Qe3 Ne7 {1-0 (30) Morozevich,A (2711)-Laznicka,V (2676) Poikovsky 2015}) 13. O-O {Black must now prevent Ra1.} dxc4 14. Qe4 Qa6 (14... Rb8 $11) 15. dxc5 $16 Bxc5 16. Nxc4 {Hoping for Nd6+.} Qc6 ({Black should try} 16... Nd5 $14) 17. Qb1 $2 (17. Nd6+ $1 $18 Kf8 18. Qf4) 17... Ne7 $2 {[%mdl 8192]} (17... Nd5 $11) 18. Nd6+ $1 $18 Kf8 19. Nd4 (19. Rc1 $18) 19... Bxd4 $4 {[%mdl 8192]} (19... Qd7 $16 {keeps fighting.}) 20. Qxb4 (20. Bxe7+ $18 {is more deadly.} Kxe7 21. Rxd4) 20... Bc5 $16 {[#]} 21. Qf4 ({White has to play} 21. Bxe7+ $1 $16 Kxe7 22. Qf4) 21... Nf5 (21... Bxd6 $5 22. Rxd6 Nd5 23. Rxc6 Nxf4 $11) 22. Nxf5 exf5 23. Qxf5 $40 {[%mdl 128] And now e6! would win. White is up to no good.} Re8 $2 {[%mdl 8192] [#]} (23... Kg8 $11) 24. e6 $1 $18 {[%mdl 576] Deflection} Rxe6 {...g6 is the strong threat.} (24... Qxe6 25. Qxc5+) 25. Rd8+ Re8 {With the idea ...Rxd8.} 26. Rfd1 Bb6 {[#]} 27. R1d7 $1 {[%csl Gd7][%cal Rf5f7][%mdl 512]} Qe6 {[#]} 28. Rxf7+ $1 {[%mdl 512]} Kg8 (28... Qxf7 29. Rxe8+) 29. Rf8+ {[%mdl 64] Back Rank, X-Ray Attack. Accuracy: White = 57%, Black = 18%.} 1-0